| 000 | 01938nam a2200325 i 4500 | ||
|---|---|---|---|
| 003 | DO-SdBNP | ||
| 005 | 20260218132820.0 | ||
| 007 | ta | ||
| 008 | 260209b2025 dr ||||| |||| 00| 0 spa d | ||
| 020 | _a9789945952094 | ||
| 040 |
_aDO-SdBNP _bspa _cBNPHU _erda |
||
| 041 | _aspa | ||
| 082 | 4 |
_a294.3444 _bM618c 2025 _222 |
|
| 100 |
_aTsan, Miao _eautor _4aut. _929850 |
||
| 245 | 1 | 0 |
_aConversación con Buda : _bperspectivas sobre el Sutra del Diamante / _cVen. Miao Tsan ; prefacio, Bhikkhu Shih Miao Tsan. |
| 250 | _aSegunda edición | ||
| 264 | 4 |
_a Santo Domingo, República Dominicana : _aGarden State, CA, Estados Unidos : _bVairocana Zen Monastery, _c©2025. |
|
| 300 |
_a256 páginas ; _c21 cm. |
||
| 336 |
_atexto _btxt _2rdacontent |
||
| 337 |
_asin mediación _bn _2rdamedia |
||
| 338 |
_avolumen _bnc _2rdacarrier |
||
| 500 | _aIncluye datos biográficos del autor en la solapa de la cubierta. | ||
| 520 | _aEl Sutra del Diamante es la escritura fundamental del pensamiento prajna (sabiduría) del budismo, considerada desde tiempos antiguos como una puerta hacia la iluminación. Desde el maestro Huineng, el sexto patriarca del Chan, el budismo Zen ha utilizado el Sutra del Diamante como medio para iluminar la mente y realizar la verdadera naturaleza, estableciéndose así la base del pensamiento Chan en China. En esta obra, el Venerable Miao Tsan ofrece una interpretación profunda desde la perspectiva contemporánea del Zen, revelando la conexión entre la sabiduría prajna y la esencia de la mente. Este libro no es solo una exégesis del sutra, sino también un viaje hacia la introspección y el despertar espiritual, ideal para todo aquel que anhele descubrir la verdad. | ||
| 590 | _aInventariado, 2026 /LP | ||
| 650 | 7 |
_aVida religiosa _xBudismo _2LIBRUNAM _989053 |
|
| 650 | 7 |
_aBudismo Zen _xDoctrina _2LIBRUNAM _989054 |
|
| 650 | 7 |
_aBudismo Zen _xDoctrina _989055 |
|
| 910 | _aLP | ||
| 942 |
_2ddc _cLBS1 |
||
| 999 |
_c60265 _d60265 |
||